Match The Head Coach To The NFL Team - Statistics

General Stats
  • This quiz has been taken 83 times
  • The average score is 20 of 32
Answer Stats
Hint Answer % Correct
Dan Campbell Lions
89%
Nick Sirianni Eagles
85%
Sean McVay Rams
83%
Mike McDaniel Dolphins
82%
Kyle Shanahan 49ers
80%
Andy Reid Chiefs
80%
Mike Tomlin Steelers
77%
John Harbaugh Ravens
76%
Mike McCarthy Cowboys
73%
Jim Harbaugh Chargers
71%
Sean Payton Broncos
70%
Matt LaFleur Packers
70%
Kevin O'Connell Vikings
70%
DeMeco Ryans Texans
68%
Jerod Mayo Patriots
67%
Brian Daboll Giants
65%
Matt Eberflus Bears
64%
Doug Pederson Jaguars
61%
Zac Taylor Bengals
58%
Sean McDermott Bills
58%
Kevin Stefanski Browns
58%
Todd Bowles Buccaneers
58%
Dan Quinn Commanders
55%
Dennis Allen Saints
53%
Antonio Pierce Raiders
50%
Shane Steichen Colts
47%
Dave Canales Panthers
47%
Mike Macdonald Seahawks
42%
Jonathan Gannon Cardinals
41%
Jeff Ulbrich Jets
41%
Raheem Morris Falcons
36%
Brian Callahan Titans
36%
No matching quizzes found
Score Distribution
Percent of People with Each Score
Percentile by Number Answered
Your Score History
You have not taken this quiz